Ľudia, ktorí zmenili svet 50 slávnych osobností, ich stručný životopis a obrazové dokumenty
Saved in:
| Format: | Book |
|---|---|
| Language: | Slovak |
| Published: |
Bratislava
Slovenské pedagogické nakladateľstvo - Mladé letá
2008
|
| Edition: | 2. vyd. |
| Subjects: | |
| Tags: |
No Tags, Be the first to tag this record!
|
MARC
| LEADER | 00000nam a2200000 4500 | ||
|---|---|---|---|
| 001 | 0205554 | ||
| 005 | 20240318125207.1 | ||
| 020 | |a 978-80-10-01361-6 | ||
| 041 | 0 | |a slo | |
| 044 | |a SK | ||
| 245 | 1 | 0 | |a Ľudia, ktorí zmenili svet |b 50 slávnych osobností, ich stručný životopis a obrazové dokumenty |
| 250 | |a 2. vyd. | ||
| 264 | 1 | |a Bratislava |b Slovenské pedagogické nakladateľstvo - Mladé letá |c 2008 | |
| 300 | |a 351 s. | ||
| 610 | 2 | 0 | |a životopisy |
| 610 | 2 | 0 | |a dejiny |
| 610 | 2 | 0 | |a história |
| 610 | 2 | 0 | |a svet |